Las cien mejores poesías /

Guardado en:
Autor Principal: Fernández Moreno, Baldomero
Formato: Libro
Publicado: Buenos Aires : Eudeba, 1961
Series:Siglo y Medio
Materias:
Etiquetas: Agregar Etiqueta
Sin Etiquetas, Sea el primero en etiquetar este registro!
LEADER 00664nam a22002175a 4500
001 CEM.cems002414
005 20110506201933.0
008 130507s1961##################000#0#####d
003 CEMS
082 0 4 |a A861.4 
100 1 |a Fernández Moreno, Baldomero 
245 1 0 |a Las cien mejores poesías /  |c Baldomero Fernández Moreno 
260 |a Buenos Aires :  |b Eudeba,  |c 1961 
300 |a 127 p. 
490 0 |a Siglo y Medio 
653 |a Literatura 
653 |a Literatura argentina 
653 |a Poesía argentina 
653 |a Poesía 
859 |a CEMS  |b BIB. CEMS - 11 de abril  |h A861.4  |i F391  |p 8532.80  |t Ej.1 
859 |a CEMS  |b BIB. CEMS - 11 de abril  |h A861.4  |i F391  |p 8649.81  |t Ej.2